Random Knowledge 003 - Statistics

General Stats
  • This quiz has been taken 23 times
  • The average score is 5 of 15
Answer Stats
Hint Answer % Correct
What city's full name is El Pueblo de Nuestra Senora la Reina de los Angeles de Porciuncula? Los Angeles
95%
What country has a unicorn as its national animal? Scotland
90%
This desert is the coldest on Earth Antarctica
62%
What year did the first airplane flight occur? 1903
57%
This popular gaming company was founded September 23, 1889 Nintendo
52%
This planet experiences days that are longer than years Venus
48%
What empire was the First Reich? Holy Roman Empire
38%
This religion uses the word Kami to represent god(s) Shintoism
29%
These cells outnumber the human cells in our body Bacterial
24%
Until the 1800's, English contained 27 letters. What modern symbol was the 27th letter? Ampersand
19%
What is the dot above the letter "i" and "j" called? tittle
14%
This war, started on August 27, 1896, only lasted 38 minutes Anglo-Zanzibar War
10%
These animals have a bladder under their brain, and use their "pee" to communicate lobsters
5%
What is the longest one syllable word in English? screeched
5%
This word is literally pertaining to breakfast jentacular
0%
No matching quizzes found
Score Distribution
Percent of People with Each Score
Percentile by Number Answered
Your Score History
You have not taken this quiz